000 01920nam0a2200337 4500
001 RU\NLR\BIBL_A\012533052
005 20260406094851.0
010 _a978-5-7883-1561-4
_925
021 _aRU
_b2021-3351
_9КН-П-256
035 _a(NLR Aleph) 012533052
035 _a(RuMoRGB)010558903
090 _a12372558
_c12372558
100 _a20210601d2020 u y0rusy50 ca
101 0 _arus
102 _aRU
105 _a |||zzzz000zy
181 0 _ai
_baxxe
182 0 _an
200 1 _aАвиационные силовые установки
_eучебное пособие для обучающихся по основной образовательной программе высшего образования по направлению подготовки 24.03.04 Авиастроение
_fН. М. Боргест
_gФедеральное государственное автономное образовательное учреждение высшего образования "Самарский национальный исследовательский университет имени академика С. П. Королева" (Самарский университет)
203 _aТекст
_bвизуальный
_cнепосредственный
210 _aСамара
_cИзд-во Самарского университета
_d2020
215 _a127, [1] с.
_cил., портр.
_d21
320 _aБиблиогр.: с. 125-127
606 1 _aАвиационные силовые установки
_jУчебные издания для высших учебных заведений
_91101616
_3RU\NLR\AUTH\66114273
686 1 _aО55я73-1
700 1 _4220
_7ca
_8rus
_aБоргест
_bН. М.
_f1954-
_gНиколай Михайлович
_3RU\NLR\AUTH\770287264
_92688249
942 _cBOOK
980 _aNBR
980 _aNB